Artshouston Magazine/ (Record no. 3433)

MARC details
000 -LEADER
campo de control de longitud fija 01405nam a22003017a 4500
003 - IDENTIFICADOR DE NÚMERO DE CONTROL
campo de control OSt
005 - FECHA Y HORA DE LA ÚLTIMA TRANSACCIÓN
campo de control 20230421140943.0
008 - DATOS DE LONGITUD FIJA--INFORMACIÓN GENERAL
campo de control de longitud fija 221006b |||||||| |||| 00| 0 eng d
040 ## - FUENTE DE CATALOGACIÓN
Centro/agencia transcriptor Biblioteca Lado V
082 ## - NÚMERO DE LA CLASIFICACIÓN DECIMAL DEWEY
Número de clasificación 700
Número de ítem H424a
100 ## - ENTRADA PRINCIPAL--NOMBRE DE PERSONA
Término indicativo de función/relación editor
9 (RLIN) 809
Nombre de persona Hynes, Chas
245 ## - MENCIÓN DEL TÍTULO
Título Artshouston Magazine/
Resto del título Houston's monthly guide to the performing and visual arts/
260 ## - PUBLICACIÓN, DISTRIBUCIÓN, ETC.
Nombre del editor, distribuidor, etc. Texas Southem University Museum
Fecha de publicación, distribución, etc. 2004
Lugar de publicación, distribución, etc. Houston
300 ## - DESCRIPCIÓN FÍSICA
Dimensiones 21x29cm
Extensión 38p.
490 ## - MENCIÓN DE SERIE
Mención de serie 8
Designación de volumen o secuencia 5
Número Internacional Normalizado para Publicaciones Seriadas 1541-6089
505 ## - NOTA DE CONTENIDO CON FORMATO
Nota de contenido con formato FEATURES
Información miscelánea Goodbye Columbus<br/><br/>Houston's Latin Lights<br/><br/>Latin Movement<br/><br/>Broken Obelisk<br/><br/>More Microcinema
505 ## - NOTA DE CONTENIDO CON FORMATO
Nota de contenido con formato Performance reviews
Información miscelánea 32 TUTS<br/><br/>Stages<br/><br/>Infernal Bridegroom Productions<br/><br/>Mercury Baroque
505 ## - NOTA DE CONTENIDO CON FORMATO
Nota de contenido con formato Gallery Reviews
Información miscelánea Rice Gallery<br/><br/>McClain gallery<br/><br/>Texas Southern University Museum<br/><br/>
505 ## - NOTA DE CONTENIDO CON FORMATO
Nota de contenido con formato Departments
Información miscelánea Editor's Notes <br/><br/>Backstage witch Janet H. Moore<br/><br/>Gallery and Museum Map<br/><br/>ArtKids<br/><br/>Center Stage Calendar<br/><br/>ArtistTalk
505 ## - NOTA DE CONTENIDO CON FORMATO
Nota de contenido con formato Marcelo Wong
650 ## - PUNTO DE ACCESO ADICIONAL DE MATERIA--TÉRMINO DE MATERIA
Fuente del encabezamiento o término Tesauro de Arte & Arquitectura
Término de materia o nombre geográfico como elemento de entrada ARTE
9 (RLIN) 703
650 ## - PUNTO DE ACCESO ADICIONAL DE MATERIA--TÉRMINO DE MATERIA
Fuente del encabezamiento o término Tesauro de Arte & Arquitectura
Término de materia o nombre geográfico como elemento de entrada ARTE VISUAL
650 ## - PUNTO DE ACCESO ADICIONAL DE MATERIA--TÉRMINO DE MATERIA
Fuente del encabezamiento o término Tesauro de Arte & Arquitectura
Término de materia o nombre geográfico como elemento de entrada REVISTA
650 ## - PUNTO DE ACCESO ADICIONAL DE MATERIA--TÉRMINO DE MATERIA
Fuente del encabezamiento o término Tesauro de Arte & Arquitectura
Término de materia o nombre geográfico como elemento de entrada BIENAL
650 ## - PUNTO DE ACCESO ADICIONAL DE MATERIA--TÉRMINO DE MATERIA
Fuente del encabezamiento o término Tesauro de Arte & Arquitectura
Término de materia o nombre geográfico como elemento de entrada CRITICA
651 ## - PUNTO DE ACCESO ADICIONAL DE MATERIA--NOMBRE GEOGRÁFICO
Fuente del encabezamiento o término Tesauro de Arte & Arquitectura
Nombre geográfico RESEÑA
942 ## - ELEMENTOS DE ENTRADA SECUNDARIOS (KOHA)
Fuente del sistema de clasificación o colocación Clasificación Decimal Dewey
Tipo de ítem Koha Libros
Parte de la signatura que corresponde a la clasificación (Parte de la clasificación) 700
Parte de la signatura que identifica el ejemplar (Parte del ítem) H424a
Suprimir en OPAC No
Holdings
Estatus retirado Estado de pérdida Fuente del sistema de clasificación o colocación Especificación de materiales (volumen encuadernado u otra parte) Estado de daño No para préstamo Colección Biblioteca de origen Biblioteca actual Fecha de adquisición Enumeración/cronología de publicación seriada Número de inventario Total de préstamos Signatura topográfica completa Código de barras Visto por última vez Precio de reemplazo Tipo de ítem Koha
    Clasificación Decimal Dewey 5     Revistas Biblioteca LadoV Biblioteca LadoV 21/04/2023 8 002917   700 H424a 002917 21/04/2023 21/04/2023 Libros